000 00513nam a2200181Ia 4500
005 20250508152931.0
008 008 250505s9999 xx 000 0 hin d
037 _aTextual
040 _aFEDL
_beng
_cFEDL
041 _ahin
_2hin
084 _a891.432, VAR
_qFEDL
100 _aVarma Rajkumar
_9398849
245 0 _aVijay parv
260 _aAllahabad, India
_bRam Narayan Lal Publishers and Book Seller
_c1956
300 _a138p.
942 _cTEXL
_h891.432, VAR
999 _c1339674
_d1339674